100 największych miast w Wielkiej Brytanii - Statystyki

Ogólne statystyki
  • Ten quiz został rozwiązany 2 806 razy
  • Średni wynik to 27 z 100
Odpowiedzi na mapie
Odpowiedzi zakodowano w zielono-czerwonej skali na mapie do tego quizu, zgodnie z poniższymi procentami.
 
Statystyki odpowiedzi
Populacja Miasto % Poprawnych
9 047 570 Londyn
99%
563 561 Manchester
95%
586 889 Liverpool
93%
629 920 Glasgow
89%
504 020 Edynburg
85%
1 160 254 Birmingham
84%
354 178 Cardiff
79%
338 160 Belfast
75%
511 164 Leeds
71%
287 535 Newcastle upon Tyne
70%
269 750 Southampton
65%
577 246 Bristol
58%
472 558 Leicester
57%
162 291 Oxford
57%
315 987 Nottingham
56%
552 143 Sheffield
53%
185 460 Swansea
52%
244 917 Brighton and Hove
49%
221 502 Luton
49%
239 677 Plymouth
49%
198 480 Aberdeen
48%
197 212 Norwich
47%
164 369 York
47%
148 861 Cambridge
46%
220 873 Wolverhampton
45%
288 028 Kingston upon Hull
41%
174 807 Sunderland
41%
148 742 Ipswich
39%
248 929 Portsmouth
39%
382 073 Coventry
38%
197 383 Bournemouth
37%
264 654 Derby
37%
149 010 Dundee
36%
278 137 Stoke-on-Trent
31%
141 651 Watford
30%
145 821 Blackpool
29%
205 411 Bolton
29%
120 932 Blackburn
28%
230 031 Northampton
27%
229 482 Reading
26%
87 983 Chester
25%
125 819 Exeter
25%
177 354 Middlesbrough
25%
366 187 Bradford
24%
136 078 Newport
23%
171 809 Huddersfield
22%
99 760 Preston
20%
103 614 Bath
19%
116 834 Doncaster
19%
107 732 Wigan
19%
106 415 Lincoln
18%
138 131 Colchester
17%
178 805 Peterborough
16%
192 408 Swindon
16%
98 924 Barnsley
14%
88 323 Grimsby
14%
108 606 Oldham
14%
147 509 Gloucester
13%
184 824 Milton Keynes
13%
185 111 Southend-on-Sea
12%
111 694 Stockport
12%
89 469 Chesterfield
11%
111 481 Rotherham
11%
159 449 Poole
10%
102 791 Worcester
10%
117 073 Cheltenham
9%
108 584 Gillingham
9%
122 657 Salford
9%
164 770 Slough
9%
112 198 Crawley
8%
114 809 Eastbourne
8%
93 539 Hastings
8%
118 759 Chelmsford
7%
92 923 Halifax
7%
113 893 Rochdale
7%
93 902 Southport
7%
172 684 Warrington
7%
90 074 Hartlepool
6%
107 854 Woking
6%
115 191 Worthing
6%
117 681 Basildon
5%
93 378 Bedford
5%
145 775 Birkenhead
5%
122 249 Gateshead
5%
119 905 Maidstone
5%
138206 Sale
5%
94 081 Stevenage
5%
105 127 St Helens
5%
107 531 Sutton Coldfield
5%
152 222 Telford
5%
107 546 Wakefield
5%
114 402 Basingstoke
4%
93 305 Darlington
4%
123 813 High Wycombe
4%
127 898 Solihull
4%
88 485 Weston-super-Mare
4%
102 870 Hemel Hempstead
3%
88 950 Aylesbury
2%
90 429 Nuneaton
2%
99 556 Rayleigh
2%
Nie znaleziono quizów pasujących do podanych kryteriów
Rozkład punktacji
Procent ludzi z każdym wynikiem
Percentyl według liczby udzielonych odpowiedzi
Twoja historia wyników
Nie rozwiązałeś tego quizu